Making EMAS popular. (Record no. 60929)
[ view plain ]
| 000 -LEADER | |
|---|---|
| fixed length control field | 00829cam a2200181 4500 |
| 001 - CONTROL NUMBER | |
| control field | ABS61218 |
| 008 - FIXED-LENGTH DATA ELEMENTS--GENERAL INFORMATION | |
| fixed length control field | 000000n1999 000 0 eng u |
| 035 ## - SYSTEM CONTROL NUMBER | |
| System control number | (Sirsi) u101816 |
| 245 ## - TITLE STATEMENT | |
| Title | Making EMAS popular. |
| 260 ## - PUBLICATION, DISTRIBUTION, ETC. | |
| Date of publication, distribution, etc. | 1999 |
| 490 ## - SERIES STATEMENT | |
| Series statement | Environment Information Bulletin |
| Volume/sequential designation | (92) September 1999, 13-15(3) |
| 520 ## - SUMMARY, ETC. | |
| Summary, etc. | Gives an overview of the EU Eco-Management and Audit Scheme (EMAS) five years after its introduction. Revisions have been agreed to try and improve take up of the scheme. These widen the scope, make the reporting requirements more flexible and give it a closer relationship to ISO 14001. Summarises the changes and compares the two standards. |
| 650 ## - SUBJECT ADDED ENTRY--TOPICAL TERM | |
| Topical term or geographic name entry element | EMAS |
| 650 ## - SUBJECT ADDED ENTRY--TOPICAL TERM | |
| Topical term or geographic name entry element | ENVIRONMENTAL STANDARDS |
| 650 ## - SUBJECT ADDED ENTRY--TOPICAL TERM | |
| Topical term or geographic name entry element | ENVIRONMENTAL MANAGEMENT |
| 690 ## - LOCAL SUBJECT ADDED ENTRY--TOPICAL TERM (OCLC, RLIN) | |
| Topical term or geographic name as entry element | ENVIRONMENTAL AND LAND CONSULTANCY |
| 942 ## - ADDED ENTRY ELEMENTS (KOHA) | |
| Suppress in OPAC | 0 |
| Withdrawn status | Lost status | Source of classification or shelving scheme | Damaged status | Not for loan | Home library | Current library | Shelving location | Date acquired | Total Checkouts | Full call number | Barcode | Date last seen | Copy number | Price effective from | Koha item type |
|---|---|---|---|---|---|---|---|---|---|---|---|---|---|---|---|
| Dewey Decimal Classification | London | London | Journal article | 11/11/1999 | ABS61218 | 101816-1001 | 06/08/2019 | 1 | 06/08/2019 | Journal article |